00853nam a22002057a 450000500170000000800410001702000180005804000250007604100080010104400070010908200180011624502330013426000450036730000340041249000480044665000550049465000390054965000120058865100470060020150320154420.0150320b2014 ck ||||| |||| 00| 0 spa d a9789588448855 aCO-BoIAvHcCO-BoIAvH aspa ack04a346.045bL75l00aLineamientos del plan de ordenamiento y manejo de la Unidad Ambiental Costera (Pomiuac) río Magdalena, complejo Canal del Dique-sistema lagunar Ciénaga Grande de Santa Marta, sector zona costera del departamento de Bolívar aSanta Marta:bInvemar,bCardique,c2014. a100 p.btablas, mapasc29 cm. aPublicaciones Generales del InvemarvNo. 74 5aOrdenamiento territorialxzonas costeraszColombia 5aZonificación ambientalzColombia 5aPomiuac aColombia. zCiénaga Grande (Santa Marta)